Platón y los fundamentos de la metafísica (Record no. 19232)

MARC details
000 -LEADER
campo de control de longitud fija 01064nam a2200277 i 4500
001 - NÚMERO DE CONTROL
campo de control 19232
003 - IDENTIFICADOR DE NÚMERO DE CONTROL
campo de control ES-MaACL
005 - FECHA Y HORA DE LA ÚLTIMA TRANSACCIÓN
campo de control 20230906152036.0
007 - CAMPO FIJO DE DESCRIPCIÓN FÍSICA--INFORMACIÓN GENERAL
campo de control de longitud fija t|
008 - DATOS DE LONGITUD FIJA--INFORMACIÓN GENERAL
campo de control de longitud fija 020704s1996 ve ||||1| spa d
020 ## - NÚMERO INTERNACIONAL ESTÁNDAR DEL LIBRO
Número Internacional Estándar del Libro 980-01-0727-4
080 ## - NÚMERO DE LA CLASIFICACIÓN DECIMAL UNIVERSAL
Número de la Clasificación Decimal Universal 141.131
100 1# - ENTRADA PRINCIPAL--NOMBRE DE PERSONA
Nombre de persona Krèamer, Hans Joachim.
9 (RLIN) 128496
245 10 - MENCIÓN DEL TÍTULO
Título Platón y los fundamentos de la metafísica
Resto del título : ensayo sobre la teoría de los principios y sobre las doctrinas no escritas de Platón, con una recopilación de los documentos fundamentales, en edición bilingüe y bibliografía /
Mención de responsabilidad, etc. Hans Krèamer ; traducción Angel J. Cappelletti, Alberto Rosales ; introducción Giovanni Reale.
250 ## - MENCION DE EDICION
Mención de edición 1ª ed.
260 ## - PUBLICACIÓN, DISTRIBUCIÓN, ETC.
Lugar de publicación, distribución, etc. Caracas :
Nombre del editor, distribuidor, etc. Monte Avila,
Fecha de publicación, distribución, etc. 1996.
300 ## - DESCRIPCIÓN FÍSICA
Extensión 492 p. ;
Dimensiones 23 cm.
490 1# - MENCIÓN DE SERIE
Mención de serie Pensamiento filosófico
600 04 - PUNTO DE ACCESO ADICIONAL DE MATERIA--NOMBRE DE PERSONA
Nombre de persona Platón.
9 (RLIN) 92598
700 1# - ENTRADA AGREGADA--NOMBRE PERSONAL
Nombre de persona Cappelletti, Angel J.
9 (RLIN) 34893
700 1# - ENTRADA AGREGADA--NOMBRE PERSONAL
Nombre de persona Rosales, Alberto.
9 (RLIN) 99637
700 1# - ENTRADA AGREGADA--NOMBRE PERSONAL
Nombre de persona Reale, Giovanni.
9 (RLIN) 95687
830 0# - PUNTO DE ACCESO ADICIONAL DE SERIE-TÍTULO UNIFORME
Título uniforme Pensamiento filosófico
9 (RLIN) 179475
852 ## - LOCALIZACIÓN
Ubicación ES-MaACL
Número de control de estantería L-25666
Sublocalización o colección R.131371
Holdings
Estatus retirado Estado de pérdida Estado de daño No para préstamo Biblioteca de origen Biblioteca actual Ubicación en estantería Fecha de adquisición Fuente de adquisición Total de préstamos Signatura topográfica completa Código de barras Visto por última vez Precio de reemplazo Tipo de ítem Koha
        Biblioteca del Ateneo de Madrid Biblioteca del Ateneo de Madrid Depósito 2 17/01/2008     L-25666 1019678 23/02/2023 23/02/2023 Libro impreso